AH International Schools' Libraries

98, 99, 100! Ready or Not, Here I Come! (Record no. 48633)

MARC details
000 -LEADER
fixed length control field 00419nam a22001217a 4500
008 - FIXED-LENGTH DATA ELEMENTS--GENERAL INFORMATION
fixed length control field 250318b |||||||| |||| 00| 0 eng d
020 ## - INTERNATIONAL STANDARD BOOK NUMBER
International Standard Book Number 9780590120098
100 ## - MAIN ENTRY--PERSONAL NAME
Personal name Teddy Slater (Author), Gioia Fiammenghi (Illustrator)
9 (RLIN) 86142
245 ## - TITLE STATEMENT
Title 98, 99, 100! Ready or Not, Here I Come!
260 ## - PUBLICATION, DISTRIBUTION, ETC. (IMPRINT)
Place of publication, distribution, etc United State of America
Name of publisher, distributor, etc Scholastic Paperbacks
Date of publication, distribution, etc 1999
300 ## - PHYSICAL DESCRIPTION
Extent 32 p
Other physical details col. ill.
Dimensions 6.25 x 0.25 x 9.25 inches
942 ## - ADDED ENTRY ELEMENTS (KOHA)
Source of classification or shelving scheme
Holdings
Withdrawn status Lost status Source of classification or shelving scheme Damaged status Not for loan Collection code Home library Current library Date acquired Total Checkouts Full call number Barcode Date last seen Price effective from Koha item type
          Non-Fiction Asian Hope Siem Reap Asian Hope Siem Reap 03/18/2025   NFIC TED 207765 03/18/2025 03/18/2025 Book

For any Logos Library related questions please contact Miss Art at swongnarasuk@asianhope.org.

For any Asian Hope Library related questions please contact Miss Raza at graza@asianhope.org.

Click here to explore our ebooks!

Powered by Koha